Las razas humanas /

Guardado en:
Autor Principal: Vallois, Henri V
Formato: Libro
Publicado: Buenos Aires : Eudeba, 1972
Edición:3a. ed.
Materias:
Etiquetas: Agregar Etiqueta
Sin Etiquetas, Sea el primero en etiquetar este registro!
LEADER 00511nam a22001815a 4500
001 CEM.cems006415
005 20060214000000.0
008 130507s1972##################000#0#####d
003 CEMS
082 0 4 |a 572 
100 1 |a Vallois, Henri V 
245 1 0 |a Las razas humanas / 
250 |a 3a. ed. 
260 |a Buenos Aires :  |b Eudeba,  |c 1972 
300 |a 103 p. 
653 |a Antropologia 
859 |a CEMS  |b BIB. CEMS - 11 de abril  |h 572  |i V244a3  |p 3415.75  |t Ej.1 
859 |a CEMS  |b BIB. CEMS - 11 de abril  |h 572  |i V244a3  |p 3416.75  |t Ej.2